[Event "Bayern-ch op Seniors 26th"]
[Site "Bergen"]
[Date "2014.06.27"]
[Round "7"]
[White "Duerr, Rainer"]
[Black "Kammel, Rudolf"]
[Result "1-0"]
[WhiteElo "1861"]
[BlackElo "1613"]
[PlyCount "55"]
[EventDate "2014.06.21"]
[EventType "swiss"]
[EventRounds "7"]
[EventCountry "GER"]
[SourceTitle "EXT 2018"]
[Source "ChessBase"]
[SourceDate "2017.10.13"]
[SourceVersion "1"]
[SourceVersionDate "2017.10.13"]
[SourceQuality "1"]

1. d4 d5 2. Nf3 Bf5 3. e3 e6 4. c4 c6 5. Nc3 Nd7 6. Bd2 Ngf6 7. Nh4 Bg6 8. Nxg6 hxg6 9. g3 Bb4 10. a3 Bxc3 11. Bxc3 dxc4 12. Bxc4 Nd5 13. Bd2 N7f6 14. Qf3 Qd7 15. Rc1 Rd8 16. 0-0 e5 17. dxe5 Qh3 18. Qg2 Ng4 19. Be2 Nxe5 20. Qxh3 Rxh3 21. Kg2 Rh7 22. Rfd1 f6 23. f4 Nf7 24. e4 Ne7 25. Be3 Nc8 26. h4 Nfd6 27. Bd3 Kf7 28. e5 1-0

[Event "Bayern-ch op Seniors 26th"]
[Site "Bergen"]
[Date "2014.06.25"]
[Round "6"]
[White "Harke, Horst"]
[Black "Duerr, Rainer"]
[Result "0-1"]
[WhiteElo "1686"]
[BlackElo "1861"]
[PlyCount "60"]
[EventDate "2014.06.21"]
[EventType "swiss"]
[EventRounds "7"]
[EventCountry "GER"]
[SourceTitle "EXT 2018"]
[Source "ChessBase"]
[SourceDate "2017.10.13"]
[SourceVersion "1"]
[SourceVersionDate "2017.10.13"]
[SourceQuality "1"]

1. d4 d5 2. c4 c6 3. e3 Nf6 4. Nc3 e6 5. Nf3 Nbd7 6. Bd3 dxc4 7. Bxc4 b5 8. Be2 Bb7 9. 0-0 Be7 10. b3 0-0 11. Bb2 b4 12. Na4 c5 13. dxc5 Nxc5 14. Nxc5 Bxc5 15. Qxd8 Rfxd8 16. Bxf6 gxf6 17. Rfd1 Kf8 18. Rac1 Rxd1+ 19. Rxd1 Ke7 20. Bb5 Rd8 21. Rxd8 Kxd8 22. Ne1 Bd6 23. Nd3 f5 24. f3 e5 25. g4 Bxf3 26. g5 Be4 27. h4 Ke7 28. Kf2 Kf8 29. h5 Kg7 30. Kg3 Bxd3 0-1

[Event "Bayern-ch Seniors 25th"]
[Site "Bergen"]
[Date "2013.06.20"]
[Round "7.8"]
[White "Reichwald, Klaus Dieter"]
[Black "Duerr, Rainer"]
[Result "1/2-1/2"]
[WhiteElo "1693"]
[BlackElo "1913"]
[PlyCount "55"]
[EventDate "2013.06.15"]
[EventType "swiss"]
[EventRounds "9"]
[EventCountry "GER"]
[SourceTitle "EXT 2022"]
[Source "ChessBase"]
[SourceDate "2021.10.06"]
[SourceVersion "1"]
[SourceVersionDate "2021.10.06"]
[SourceQuality "1"]

1. e4 e6 2. d4 d5 3. Nc3 Nf6 4. exd5 Nxd5 5. Bd2 c5 6. Nxd5 Qxd5 7. Be3 cxd4 8. Qxd4 Qxd4 9. Bxd4 Nc6 10. Bc3 f6 11. a3 e5 12. Bc4 Bc5 13. Ne2 Bf5 14. Bb3 0-0-0 15. 0-0 Bb6 16. Rfd1 Na5 17. Bxa5 Bxa5 18. c3 Bb6 19. Rxd8+ Rxd8 20. Rd1 Rxd1+ 21. Bxd1 Kd7 22. Kf1 Bd3 23. Ke1 Be4 24. f3 Bd5 25. Bc2 g6 26. Be4 Kd6 27. Kd2 f5 28. Bc2 1/2-1/2

[Event "Bayern-ch Seniors 25th"]
[Site "Bergen"]
[Date "2013.06.18"]
[Round "5.11"]
[White "Hansch, Klaus Michael"]
[Black "Duerr, Rainer"]
[Result "0-1"]
[WhiteElo "1714"]
[BlackElo "1913"]
[PlyCount "78"]
[EventDate "2013.06.15"]
[EventType "swiss"]
[EventRounds "9"]
[EventCountry "GER"]
[SourceTitle "EXT 2022"]
[Source "ChessBase"]
[SourceDate "2021.10.06"]
[SourceVersion "1"]
[SourceVersionDate "2021.10.06"]
[SourceQuality "1"]

1. d4 e6 2. Nc3 d5 3. e4 Nf6 4. Bg5 Bb4 5. e5 h6 6. Bd2 Bxc3 7. Bxc3 Ne4 8. Bb4 c5 9. dxc5 Qh4 10. Qd4 Nc6 11. Bb5 Bd7 12. Bxc6 Bxc6 13. Nf3 Qg4 14. 0-0 Qg6 15. Qe3 f6 16. Qd4 0-0 17. Ba5 Rac8 18. a4 Ng5 19. Nxg5 fxg5 20. Qd3 Qh5 21. b4 Rf5 22. Rae1 Bxa4 23. Ra1 Qe8 24. c4 dxc4 25. Qd6 Bc6 26. Qd4 Bd5 27. Rfe1 Qc6 28. f3 Rf4 29. Qe3 Rcf8 30. Rab1 a6 31. h3 Bxf3 32. gxf3 Rxf3 33. Qe4 Rf1+ 34. Kg2 Qxe4+ 35. Rxe4 Rxb1 36. Rxc4 Rb2+ 37. Kg3 Rb3+ 38. Kg2 Rf4 39. Rc2 Re4 0-1

[Event "Neumarkt am Wallersee op 11th"]
[Site "Neumarkt am Wallersee"]
[Date "2012.09.01"]
[Round "8"]
[White "Duerr, Rainer"]
[Black "Melde, Volker"]
[Result "1/2-1/2"]
[WhiteElo "2049"]
[BlackElo "1939"]
[PlyCount "43"]
[EventDate "2012.08.26"]
[EventType "swiss"]
[EventRounds "9"]
[EventCountry "AUT"]
[SourceTitle "EXT 2013"]
[Source "ChessBase"]
[SourceDate "2012.11.22"]
[SourceVersion "1"]
[SourceVersionDate "2012.11.22"]
[SourceQuality "1"]

1. d4 Nf6 2. Nf3 d5 3. e3 e6 4. Bd3 c5 5. b3 Nbd7 6. 0-0 Be7 7. Bb2 a6 8. a4 b6 9. Nbd2 Bb7 10. Ne5 Nxe5 11. dxe5 Nd7 12. Qg4 g6 13. f4 h5 14. Qe2 Qc7 15. e4 dxe4 16. Bxe4 0-0-0 17. Rad1 Nb8 18. Bxb7+ Qxb7 19. Ne4 Rxd1 20. Rxd1 Rd8 21. Rxd8+ Kxd8 22. Qd3+ 1/2-1/2

[Event "Neumarkt am Wallersee op 11th"]
[Site "Neumarkt am Wallersee"]
[Date "2012.08.30"]
[Round "6"]
[White "Duerr, Rainer"]
[Black "Eiter, Meinhart"]
[Result "0-1"]
[WhiteElo "2049"]
[BlackElo "1928"]
[PlyCount "25"]
[EventDate "2012.08.26"]
[EventType "swiss"]
[EventRounds "9"]
[EventCountry "AUT"]
[SourceTitle "EXT 2013"]
[Source "ChessBase"]
[SourceDate "2012.11.22"]
[SourceVersion "1"]
[SourceVersionDate "2012.11.22"]
[SourceQuality "1"]

1. d4 g6 2. e4 Bg7 3. Nc3 d6 4. Be3 Nd7 5. Nf3 Ngf6 6. Qd2 Ng4 7. Bg5 h6 8. Bh4 c5 9. h3 cxd4 10. Nxd4 Ngf6 11. Nb3 a6 12. a4 b6 13. Bd3 0-1

[Event "Bayern-ch Seniors 23rd"]
[Site "Bergen"]
[Date "2011.06.05"]
[Round "9"]
[White "Geisensetter, Franz"]
[Black "Duerr, Rainer"]
[Result "1/2-1/2"]
[WhiteElo "1979"]
[BlackElo "1950"]
[PlyCount "46"]
[EventDate "2011.05.28"]
[EventType "swiss"]
[EventRounds "9"]
[EventCountry "GER"]
[SourceTitle "EXT 2012"]
[Source "ChessBase"]
[SourceDate "2011.11.24"]
[SourceVersion "1"]
[SourceVersionDate "2011.11.24"]
[SourceQuality "1"]

1. e4 e6 2. d4 d5 3. Nd2 Be7 4. c3 c5 5. exd5 Qxd5 6. Ngf3 cxd4 7. Nxd4 a6 8. Nc4 Nd7 9. Ne3 Qd6 10. Be2 Ngf6 11. 0-0 0-0 12. Qc2 Ne5 13. Nf3 Nxf3+ 14. Bxf3 Qc7 15. b3 Bd7 16. Bb2 Rac8 17. Qe2 Bb5 18. c4 Bc6 19. Bxc6 Qxc6 20. Rad1 Qc7 21. Rd3 Rfd8 22. Rfd1 Rxd3 23. Rxd3 Rd8 1/2-1/2

[Event "Bayern-ch Seniors 23rd"]
[Site "Bergen"]
[Date "2011.05.31"]
[Round "4"]
[White "Duerr, Rainer"]
[Black "Hanisch, Friedrich"]
[Result "1-0"]
[WhiteElo "1950"]
[BlackElo "2034"]
[PlyCount "97"]
[EventDate "2011.05.28"]
[EventType "swiss"]
[EventRounds "9"]
[EventCountry "GER"]
[SourceTitle "EXT 2012"]
[Source "ChessBase"]
[SourceDate "2011.11.24"]
[SourceVersion "1"]
[SourceVersionDate "2011.11.24"]
[SourceQuality "1"]

1. d4 Nf6 2. Nf3 e6 3. e3 b6 4. Bd3 Bb7 5. 0-0 c5 6. c4 g6 7. Nc3 Bg7 8. dxc5 bxc5 9. e4 0-0 10. Be3 d6 11. Qd2 Nc6 12. Rad1 e5 13. Bh6 Nd4 14. Bxg7 Kxg7 15. Ne1 Nh5 16. Ne2 h6 17. Nc2 Qh4 18. f3 Rad8 19. Qe1 Qg5 20. Qd2 Qh4 21. Qe1 Qe7 22. a3 Ba6 23. Ne3 Bb7 24. Nc2 Rd7 25. b4 f5 26. Ne3 Qg5 27. Nd5 Bxd5 28. exd5 Nxe2+ 29. Qxe2 Nf4 30. Qd2 Qf6 31. bxc5 dxc5 32. Qe3 Qd6 33. Rb1 Nxd3 34. Qxd3 Rff7 35. Rb5 a6 36. Rb3 Rb7 37. Rfb1 Rxb3 38. Rxb3 Qf6 39. h3 h5 40. Qb1 Qg5 41. Qe1 Qf4 42. Qe3 Qxc4 43. Qxe5+ Kh7 44. Rc3 Qb5 45. d6 c4 46. Qe6 Rd7 47. Rxc4 Qb6+ 48. Kh1 Qd8 49. Rc6 1-0

[Event "Bayern-ch Seniors 23rd"]
[Site "Bergen"]
[Date "2011.05.29"]
[Round "2"]
[White "Duerr, Rainer"]
[Black "Friedrich, Horst"]
[Result "1-0"]
[WhiteElo "1950"]
[BlackElo "1585"]
[PlyCount "87"]
[EventDate "2011.05.28"]
[EventType "swiss"]
[EventRounds "9"]
[EventCountry "GER"]
[SourceTitle "EXT 2012"]
[Source "ChessBase"]
[SourceDate "2011.11.24"]
[SourceVersion "1"]
[SourceVersionDate "2011.11.24"]
[SourceQuality "1"]

1. d4 e6 2. Nf3 f5 3. Nc3 Nf6 4. Bg5 d5 5. e3 h6 6. Bxf6 Qxf6 7. Ne5 h5 8. Be2 g6 9. 0-0 c6 10. f4 Nd7 11. a4 a5 12. Na2 Bd6 13. c4 Qg7 14. Qd2 Nf6 15. Bd3 g5 16. cxd5 Nxd5 17. Nc3 Bb4 18. Rac1 Bd7 19. Qe2 Nf6 20. e4 Ng4 21. exf5 Nxe5 22. Qxe5 Qxe5 23. fxe5 0-0-0 24. Ne2 Kb8 25. Bc4 exf5 26. e6 Be8 27. Rxf5 Bd2 28. Rd1 Be3+ 29. Kh1 Bg6 30. Rxa5 Bc2 31. Rf1 Rhf8 32. Rxf8 Rxf8 33. h3 h4 34. Re5 g4 35. hxg4 Rf1+ 36. Kh2 Bh6 37. e7 Bg6 38. e8Q+ Bxe8 39. Rxe8+ Kc7 40. Re7+ Kb6 41. Rf7 Rb1 42. b3 Rb2 43. Rf5 Be3 44. g5 1-0

[Event "Feffernitz Raika op 19th"]
[Site "Feffernitz"]
[Date "2010.08.29"]
[Round "9"]
[White "Duerr, Rainer"]
[Black "Nabavi, Parwis"]
[Result "0-1"]
[WhiteElo "2040"]
[BlackElo "2208"]
[PlyCount "124"]
[EventDate "2010.08.22"]
[EventType "swiss"]
[EventRounds "9"]
[EventCountry "AUT"]
[SourceTitle "CBM 138 Extra"]
[Source "ChessBase"]
[SourceDate "2010.10.29"]
[SourceVersion "1"]
[SourceVersionDate "2010.10.29"]
[SourceQuality "1"]

1. d4 d5 2. Nf3 Nf6 3. e3 e6 4. Bd3 Be7 5. 0-0 0-0 6. Nbd2 b6 7. c4 Bb7 8. b3 Nbd7 9. Bb2 c5 10. Rc1 Rc8 11. cxd5 Nxd5 12. Nc4 f5 13. Bb1 Qe8 14. Nfe5 N7f6 15. Nd2 Ba6 16. Bd3 Bxd3 17. Nxd3 Nb4 18. Nf4 Bd6 19. Qe2 cxd4 20. Rxc8 Qxc8 21. Rc1 Qd7 22. Bxd4 Bxf4 23. Bxf6 Bxh2+ 24. Kxh2 Rxf6 25. Nf3 Nd3 26. Rd1 Qc7+ 27. Kg1 Nc5 28. Qd2 Rf7 29. Qd8+ Qxd8 30. Rxd8+ Rf8 31. Rd6 Re8 32. b4 Ne4 33. Rd7 Rc8 34. Rxa7 g5 35. Nd4 Rc1+ 36. Kh2 Nxf2 37. Nxe6 Rh1+ 38. Kg3 Ne4+ 39. Kf3 h6 40. Rg7+ Kh8 41. Rf7 Rf1+ 42. Ke2 Rf2+ 43. Ke1 Rxa2 44. Rb7 Rxg2 45. Rxb6 h5 46. Nd4 Ng3 47. Rb5 h4 48. Nxf5 h3 49. Nxg3 Rxg3 50. Kf2 h2 51. Kxg3 h1Q 52. Rxg5 Qe4 53. b5 Qxe3+ 54. Kg4 Kh7 55. b6 Qxb6 56. Rh5+ Kg7 57. Rg5+ Kf7 58. Rf5+ Ke6 59. Rh5 Qg1+ 60. Kf4 Qf2+ 61. Kg4 Qe2+ 62. Kh4 Kf6 0-1

[Event "Bayern-ch Seniors 22nd"]
[Site "Bergen"]
[Date "2010.06.13"]
[Round "2"]
[White "Duerr, Rainer"]
[Black "Gerdes, Hans"]
[Result "1-0"]
[WhiteElo "1910"]
[BlackElo "1675"]
[PlyCount "97"]
[EventDate "2010.06.12"]
[EventType "swiss"]
[EventRounds "9"]
[EventCountry "GER"]
[SourceTitle "EXT 2011"]
[Source "ChessBase"]
[SourceDate "2010.11.26"]
[SourceVersion "1"]
[SourceVersionDate "2010.11.26"]
[SourceQuality "1"]

1. d4 d5 2. Nf3 e6 3. e3 f5 4. Be2 Nf6 5. Nbd2 c6 6. 0-0 Bd6 7. c4 0-0 8. c5 Bc7 9. b4 a6 10. Bb2 Ne4 11. a4 Nd7 12. Qc2 Ndf6 13. Ne5 Nxd2 14. Qxd2 Ne4 15. Qc2 Bxe5 16. dxe5 Bd7 17. f3 Ng5 18. Bd4 Qe7 19. Qb2 Qe8 20. Rfb1 Qg6 21. Kh1 Rfb8 22. b5 Qe8 23. bxa6 bxa6 24. Qc2 Rxb1+ 25. Rxb1 Qc8 26. Qb3 Ra7 27. Qb8 Ra8 28. Qxc8+ Bxc8 29. Rb6 Bd7 30. Rxa6 Rb8 31. Rb6 Ra8 32. Bd1 Kf8 33. Kg1 Ke8 34. Kf2 Kd8 35. Ke2 Kc7 36. Kd2 Nf7 37. Kc3 Nd8 38. Kb4 Bc8 39. Be2 g6 40. a5 Rb8 41. Bd3 Ra8 42. a6 Ra7 43. Be2 Ra8 44. Kb3 Ra7 45. Bc3 Kd7 46. Ba5 Nf7 47. f4 Nd8 48. Rb8 Nb7 49. Bb6 1-0